000 00286nam a22001337a 4500
008 170419b xxu||||| |||| 00| 0 eng d
020 _a9780393125719
041 _aeng
080 _a573
100 _a11
101 _aSHN
245 _aDISCOVER BIOLOGY
_cCUNDY.A.S
942 _2udc
_cBK
999 _c11280
_d11280